Drapeaux des pays commençant par I - Statistiques

Statistiques générales
  • Ce quiz a été pris 244 fois
  • Le résultat moyen est 8 sur 9
Statistiques - réponses
Par images Réponse % Correct
Italie
100%
Israël
95%
Inde
93%
Iran
92%
Irlande
92%
Islande
87%
Indonésie
86%
Irak
86%
Côte d'Ivoire
73%
Aucun quiz correspondant
Distribution des résultats
% des personnes avec chaque résultat
Percentile par nombre de réponses
Votre historique - résultats
Vous n’avez pas pris ce quiz